Hướng dẫn một số vấn đề cụ thể về nghiệp vụ công tác Đảng viên
Trình bày một số vấn đề cụ thể về nghiệp vụ công tác đảng viên: kết nạp đảng viên, phát thẻ đảng viên, quản lý hồ sơ đảng viên, giới thiệu sinh hoạt đảng... Những vấn đề chung trong việc hướng dẫn lập các biểu thống kê cơ bản trong h...
Сохранить в:
| Соавтор: | |
|---|---|
| Формат: | |
| Язык: | Undetermined |
| Опубликовано: |
Hà Nội
Chính trị quốc gia - Sự thật
2007
|
| Предметы: | |
| Метки: |
Добавить метку
Нет меток, Требуется 1-ая метка записи!
|
| Thư viện lưu trữ: | Trung tâm Học liệu Trường Đại học Cần Thơ |
|---|
| LEADER | 01177nam a2200229Ia 4500 | ||
|---|---|---|---|
| 001 | CTU_227955 | ||
| 008 | 210402s9999 xx 000 0 und d | ||
| 082 | |a 324.2597075 | ||
| 082 | |b B105 | ||
| 110 | |a Ban Tổ chức Trung Ương | ||
| 245 | 0 | |a Hướng dẫn một số vấn đề cụ thể về nghiệp vụ công tác Đảng viên | |
| 245 | 0 | |c Ban Tổ chức Trung Ương | |
| 260 | |a Hà Nội | ||
| 260 | |b Chính trị quốc gia - Sự thật | ||
| 260 | |c 2007 | ||
| 520 | |a Trình bày một số vấn đề cụ thể về nghiệp vụ công tác đảng viên: kết nạp đảng viên, phát thẻ đảng viên, quản lý hồ sơ đảng viên, giới thiệu sinh hoạt đảng... Những vấn đề chung trong việc hướng dẫn lập các biểu thống kê cơ bản trong hệ thống tổ chức Đảng | ||
| 650 | |a Đảng cộng sản Việt Nam,Communist parties | ||
| 650 | |z Vietnam | ||
| 904 | |i Hà Trang | ||
| 910 | |a Nguyên | ||
| 910 | |b dqhieu | ||
| 980 | |a Trung tâm Học liệu Trường Đại học Cần Thơ | ||